000 00994pam a2200325 i 4500
001 57960
003 BD-RJUL
005 20211209080553.0
008 161212s1978 nyu b 001 0 eng
020 _a0060414626
035 _aBD-RJUL 58084
035 _a(OCoLC)03481723
035 _aGLIS00060583
040 _aDLC
_cDLC
_dMYG
_beng
041 _aeng
082 _223
_a320.3
_bCUC 1978
090 _aJF51
_b.C979 1978
099 _aJF51.C979 1978
100 1 _aCurtis, Michael,
_d1923-
_9172141
245 1 0 _aComparative government and politics :
_ban introductory essay in political science /
_cMichael Curtis.
250 _a2d ed.
260 _aNew York :
_bHarper & Row,
_cc1978.
300 _aviii, 288 p. ;
_c24 cm.
490 1 _aHarper's comparative government series
500 _aIncludes index.
504 _aBibliography: p. 275-282.
650 0 _aComparative government.
_9171742
830 0 _aHarper's comparative government series.
_9172142
942 _2ddc
_cBK
999 _c57960
_d57960